[Event "European Chess Club Cup 2023"]
[Site "Durres, Albania"]
[Date "2023.10.03"]
[Round "3.24"]
[White "Ozen, Deniz"]
[Black "Degraeve, Jean-Marc"]
[Result "1/2-1/2"]
[TimeControl "90' + 30' & 30\""]
[WhiteElo "2382"]
[BlackElo "2479"]

1. e4 {[%emt 00:00:46]} c5 {[%clk 01:30:23]} 2. Nf3 {[%clk 01:31:14]} {[%emt
00:00:07]} g6 {[%clk 01:30:26]} {[%emt 00:00:27]} 3. c3 {[%clk 01:31:18]}
{[%emt 00:00:24]} Bg7 {[%clk 01:30:37]} {[%emt 00:00:21]} 4. Bc4 {[%clk
01:30:43]} {[%emt 00:01:04]} e6 {[%clk 01:29:04]} {[%emt 00:02:04]} 5. d4
{[%clk 01:31:03]} {[%emt 00:00:10]} cxd4 {[%clk 01:29:27]} {[%emt 00:00:07]} 6.
cxd4 {[%clk 01:31:18]} {[%emt 00:00:15]} d5 {[%clk 01:29:27]} {[%emt 00:00:31]}
7. exd5 {[%clk 01:31:22]} {[%emt 00:00:25]} exd5 {[%clk 01:29:49]} {[%emt
00:00:08]} 8. Bb5+ {[%clk 01:31:39]} {[%emt 00:00:12]} Bd7 {[%clk 01:29:34]}
{[%emt 00:00:47]} 9. Bxd7+ {[%clk 01:31:23]} {[%emt 00:00:45]} Qxd7 {[%clk
01:29:56]} {[%emt 00:00:08]} 10. Ne5 {[%clk 01:26:38]} {[%emt 00:05:16]} Qd6
{[%clk 01:28:36]} {[%emt 00:01:50]} 11. O-O {[%clk 01:22:48]} {[%emt 00:04:19]}
Ne7 {[%clk 01:25:17]} {[%emt 00:03:49]} 12. Re1 {[%clk 01:12:29]} {[%emt
00:10:49]} O-O {[%clk 01:21:53]} {[%emt 00:03:54]} 13. Nc3 {[%clk 00:57:43]}
{[%emt 00:15:16]} Nbc6 {[%clk 01:17:14]} {[%emt 00:05:08]} 14. Bf4 {[%clk
00:44:44]} {[%emt 00:13:30]} Qb4 {[%clk 01:16:54]} {[%emt 00:00:50]} 15. Rb1
{[%clk 00:40:15]} {[%emt 00:04:59]} Qxd4 {[%clk 01:10:13]} {[%emt 00:07:11]} 16.
Nxc6 {[%clk 00:40:04]} {[%emt 00:00:41]} Nxc6 {[%clk 01:10:30]} {[%emt
00:00:13]} 17. Qxd4 {[%clk 00:39:32]} {[%emt 00:01:02]} Nxd4 {[%clk 01:08:51]}
{[%emt 00:02:09]} 18. Nxd5 {[%clk 00:38:09]} {[%emt 00:01:53]} Rfd8 {[%clk
01:07:27]} {[%emt 00:01:53]} 19. Nc3 {[%clk 00:36:56]} {[%emt 00:01:44]} Ne6
{[%clk 01:07:28]} {[%emt 00:00:28]} 20. Be5 {[%clk 00:27:42]} {[%emt 00:09:45]}
Bxe5 {[%clk 01:07:00]} {[%emt 00:00:58]} 21. Rxe5 {[%clk 00:28:11]} {[%emt
00:00:02]} Rd2 {[%clk 01:06:37]} {[%emt 00:00:51]} 22. Rd5 {[%clk 00:25:14]}
{[%emt 00:03:28]} Rc2 {[%clk 01:00:10]} {[%emt 00:06:57]} 23. Nd1 {[%clk
00:24:35]} {[%emt 00:01:09]} Rac8 {[%clk 00:59:30]} {[%emt 00:01:10]} 24. Ne3
{[%clk 00:24:29]} {[%emt 00:00:36]} Rc1+ {[%clk 00:59:14]} {[%emt 00:00:46]} 25.
Rxc1 {[%clk 00:24:28]} {[%emt 00:00:31]} Rxc1+ {[%clk 00:59:37]} {[%emt
00:00:06]} 26. Rd1 {[%clk 00:24:57]} {[%emt 00:00:02]} Rxd1+ {[%clk 00:59:53]}
{[%emt 00:00:14]} 27. Nxd1 {[%clk 00:25:25]} {[%emt 00:00:02]} Kg7 {[%clk
01:00:09]} {[%emt 00:00:14]} 28. Kf1 {[%clk 00:25:28]} {[%emt 00:00:27]} Kf6
{[%clk 01:00:33]} {[%emt 00:00:06]} 29. Ke2 {[%clk 00:25:24]} {[%emt 00:00:34]}
Nf4+ {[%clk 00:57:23]} {[%emt 00:03:39]} 30. Kf3 {[%clk 00:25:28]} {[%emt
00:00:27]} Ke5 {[%clk 00:57:46]} {[%emt 00:00:07]} 31. g3 {[%clk 00:24:45]}
{[%emt 00:01:12]} Nd5 {[%clk 00:57:48]} {[%emt 00:00:29]} 32. Ke2 {[%clk
00:20:17]} {[%emt 00:04:57]} Kd4 {[%clk 00:57:55]} {[%emt 00:00:24]} 33. Kd2
{[%clk 00:19:57]} {[%emt 00:00:50]} b5 {[%clk 00:55:14]} {[%emt 00:03:12]} 34.
Ke2 {[%clk 00:05:13]} {[%emt 00:15:13]} h5 {[%clk 00:53:26]} {[%emt 00:02:18]}
35. f4 {[%clk 00:04:52]} {[%emt 00:00:51]} h4 {[%clk 00:51:03]} {[%emt
00:02:53]} 36. Nf2 {[%clk 00:04:35]} {[%emt 00:00:47]} hxg3 {[%clk 00:51:12]}
{[%emt 00:00:21]} 37. hxg3 {[%clk 00:05:04]} {[%emt 00:00:01]} Ne3 {[%clk
00:50:00]} {[%emt 00:01:43]} 38. Nd3 {[%clk 00:03:35]} {[%emt 00:01:58]} Nc4
{[%clk 00:43:40]} {[%emt 00:06:50]} 39. b3 {[%clk 00:01:18]} {[%emt 00:02:46]}
Nd6 {[%clk 00:44:03]} {[%emt 00:00:08]} 40. Ne5 {[%clk 00:01:08]} {[%emt
00:00:40]} Kc3 {[%clk 00:26:21]} {[%emt 00:18:11]} 41. Nc6 {[%clk 00:17:35]}
{[%emt 00:14:03]} Kb2 {[%clk 00:53:21]} {[%emt 00:03:31]} 42. Nxa7 {[%clk
00:16:55]} {[%emt 00:01:10]} Kxa2 {[%clk 00:53:42]} {[%emt 00:00:09]} 43. b4
{[%clk 00:17:14]} {[%emt 00:00:11]} Kb3 {[%clk 00:54:08]} {[%emt 00:00:04]} 44.
Nc6 {[%clk 00:17:22]} {[%emt 00:00:22]} Kc4 {[%clk 00:47:32]} {[%emt 00:07:06]}
45. g4 {[%clk 00:05:36]} {[%emt 00:12:16]} Kd5 {[%clk 00:47:10]} {[%emt
00:00:52]} 46. Ne5 {[%clk 00:05:56]} {[%emt 00:00:10]} Ke4 {[%clk 00:47:04]}
{[%emt 00:00:35]} 47. Nd3 {[%clk 00:06:18]} {[%emt 00:00:09]} Nc4 {[%clk
00:41:40]} {[%emt 00:05:54]} 48. g5 {[%clk 00:03:38]} {[%emt 00:03:10]} Kd4
{[%clk 00:15:36]} {[%emt 00:26:34]} 49. Nc5 {[%clk 00:03:38]} {[%emt 00:00:30]}
Kc3 {[%clk 00:14:57]} {[%emt 00:01:09]} 50. Nd3 {[%clk 00:03:34]} {[%emt
00:00:34]} Kd4 {[%clk 00:11:19]} {[%emt 00:04:08]} 51. Nc5 {[%clk 00:03:48]}
{[%emt 00:00:16]} Nb2 {[%clk 00:10:07]} {[%emt 00:01:42]} 52. Nb7 {[%clk
00:03:09]} {[%emt 00:01:09]} Nc4 {[%clk 00:04:46]} {[%emt 00:05:51]} 53. Nc5
{[%emt 00:00:38]} 1/2-1/2

[Event "European Chess Club Cup 2023"]
[Site "Durres, Albania"]
[Date "2023.10.03"]
[Round "3.25"]
[White "Amin, Bassem"]
[Black "Shirov, Alexei"]
[Result "1/2-1/2"]
[TimeControl "90' + 30' & 30\""]
[WhiteElo "2680"]
[BlackElo "2655"]

1. Nf3 {[%clk 01:30:34]} {[%emt 00:00:24]} d5 {[%clk 01:30:51]} {[%emt
00:00:10]} 2. g3 {[%clk 01:30:20]} {[%emt 00:00:44]} Nf6 {[%clk 01:31:09]}
{[%emt 00:00:11]} 3. Bg2 {[%clk 01:30:44]} {[%emt 00:00:07]} c6 {[%clk
01:31:35]} {[%emt 00:00:04]} 4. c4 {[%clk 01:27:46]} {[%emt 00:03:28]} g6
{[%clk 01:25:20]} {[%emt 00:06:45]} 5. b3 {[%clk 01:26:30]} {[%emt 00:01:46]}
Bg7 {[%clk 01:23:06]} {[%emt 00:02:45]} 6. Bb2 {[%clk 01:26:37]} {[%emt
00:00:23]} O-O {[%clk 01:21:57]} {[%emt 00:01:38]} 7. O-O {[%clk 01:27:00]}
{[%emt 00:00:08]} a5 {[%clk 01:22:24]} {[%emt 00:00:03]} 8. d3 {[%clk
01:22:36]} {[%emt 00:04:55]} a4 {[%clk 01:20:31]} {[%emt 00:02:23]} 9. b4
{[%clk 01:17:00]} {[%emt 00:06:06]} dxc4 {[%clk 01:15:50]} {[%emt 00:05:11]} 10.
dxc4 {[%clk 01:17:18]} {[%emt 00:00:12]} Qxd1 {[%clk 01:16:17]} {[%emt
00:00:03]} 11. Rxd1 {[%clk 01:17:40]} {[%emt 00:00:08]} Be6 {[%clk 01:16:40]}
{[%emt 00:00:07]} 12. Na3 {[%clk 01:14:10]} {[%emt 00:04:01]} Na6 {[%clk
01:16:49]} {[%emt 00:00:21]} 13. Bc3 {[%clk 01:06:57]} {[%emt 00:07:43]} Rfd8
{[%clk 01:04:35]} {[%emt 00:12:44]} 14. Nd4 {[%clk 01:00:12]} {[%emt 00:07:15]}
Nc7 {[%clk 00:30:26]} {[%emt 00:34:39]} 15. Nxe6 {[%clk 00:45:00]} {[%emt
00:15:42]} Nxe6 {[%clk 00:28:14]} {[%emt 00:02:41]} 16. b5 {[%clk 00:44:00]}
{[%emt 00:01:31]} Rxd1+ {[%clk 00:27:00]} {[%emt 00:01:43]} 17. Rxd1 {[%clk
00:44:28]} {[%emt 00:00:02]} Rc8 {[%clk 00:27:24]} {[%emt 00:00:06]} 18. bxc6
{[%clk 00:32:43]} {[%emt 00:12:15]} bxc6 {[%clk 00:27:50]} {[%emt 00:00:04]} 19.
Nc2 {[%clk 00:30:42]} {[%emt 00:02:30]} Nc5 {[%clk 00:15:55]} {[%emt 00:12:24]}
20. Bb4 {[%clk 00:30:08]} {[%emt 00:01:04]} Nfe4 {[%clk 00:07:21]} {[%emt
00:09:03]} 21. Bxc5 {[%clk 00:23:07]} {[%emt 00:07:33]} Nxc5 {[%clk 00:07:46]}
{[%emt 00:00:05]} 22. Nb4 {[%clk 00:23:29]} {[%emt 00:00:08]} e6 {[%clk
00:04:53]} {[%emt 00:03:22]} 23. Nxc6 {[%clk 00:22:47]} {[%emt 00:01:13]} Rc7
{[%clk 00:03:42]} {[%emt 00:01:40]} 24. Nb4 {[%clk 00:15:56]} {[%emt 00:07:21]}
Bc3 {[%clk 00:03:13]} {[%emt 00:00:58]} 25. Nc2 {[%clk 00:11:00]} {[%emt
00:05:27]} Rd7 {[%clk 00:01:30]} {[%emt 00:02:13]} 26. Rxd7 {[%clk 00:10:00]}
{[%emt 00:01:30]} Nxd7 {[%clk 00:01:56]} {[%emt 00:00:04]} 27. Bc6 {[%clk
00:09:19]} {[%emt 00:01:11]} Nc5 {[%clk 00:02:22]} {[%emt 00:00:04]} 28. Kf1
{[%clk 00:09:10]} {[%emt 00:00:39]} Kf8 {[%clk 00:02:35]} {[%emt 00:00:16]} 29.
e3 {[%clk 00:09:21]} {[%emt 00:00:20]} Ke7 {[%clk 00:02:52]} {[%emt 00:00:12]}
30. Ke2 {[%clk 00:08:37]} {[%emt 00:01:15]} f5 {[%clk 00:02:33]} {[%emt
00:00:48]} 31. Nd4 {[%clk 00:08:24]} {[%emt 00:00:44]} e5 {[%clk 00:02:10]}
{[%emt 00:00:52]} 32. Nb5 {[%clk 00:07:53]} {[%emt 00:01:02]} Ba5 {[%clk
00:02:17]} {[%emt 00:00:23]} 33. f3 {[%clk 00:07:21]} {[%emt 00:01:02]} g5
{[%clk 00:01:22]} {[%emt 00:01:24]} 34. g4 {[%clk 00:03:28]} {[%emt 00:04:24]}
f4 {[%clk 00:01:30]} {[%emt 00:00:22]} 35. exf4 {[%clk 00:03:16]} {[%emt
00:00:41]} exf4 {[%clk 00:01:49]} {[%emt 00:00:11]} 36. Kd1 {[%clk 00:02:01]}
{[%emt 00:01:45]} Kf6 {[%clk 00:01:29]} {[%emt 00:00:50]} 37. Kc2 {[%clk
00:01:13]} {[%emt 00:01:19]} Ke5 {[%clk 00:01:43]} {[%emt 00:00:15]} 38. Bd5
{[%clk 00:01:24]} {[%emt 00:00:19]} Na6 {[%clk 00:00:43]} {[%emt 00:01:30]} 39.
Be4 {[%clk 00:01:44]} {[%emt 00:00:10]} h6 {[%clk 00:00:52]} {[%emt 00:00:21]}
40. Na7 {[%clk 00:00:48]} {[%emt 00:01:28]} Bb6 {[%clk 00:00:45]} {[%emt
00:00:36]} 41. Nc6+ {[%clk 00:30:03]} {[%emt 00:01:15]} Kd6 {[%clk 00:30:58]}
{[%emt 00:00:16]} 42. Kc3 {[%clk 00:29:21]} {[%emt 00:01:13]} a3 {[%clk
00:23:02]} {[%emt 00:08:25]} 43. Nd4 {[%clk 00:19:35]} {[%emt 00:10:17]} Ke5
{[%clk 00:13:56]} {[%emt 00:09:35]} 44. Nc6+ {[%clk 00:19:24]} {[%emt
00:00:41]} Kd6 {[%clk 00:14:21]} {[%emt 00:00:05]} 45. h3 {[%clk 00:19:07]}
{[%emt 00:00:47]} Nc5 {[%clk 00:07:37]} {[%emt 00:07:13]} 46. Bd5 {[%clk
00:19:02]} {[%emt 00:00:36]} Ne6 {[%clk 00:07:48]} {[%emt 00:00:18]} 47. Nb4
{[%clk 00:16:20]} {[%emt 00:03:13]} Nc5 {[%clk 00:08:02]} {[%emt 00:00:15]} 48.
Nc2 {[%clk 00:15:08]} {[%emt 00:01:43]} Ba5+ {[%clk 00:08:24]} {[%emt
00:00:08]} 49. Kd4 {[%clk 00:15:33]} {[%emt 00:00:05]} Bd8 {[%clk 00:08:40]}
{[%emt 00:00:14]} 50. Kc3 {[%clk 00:13:42]} {[%emt 00:02:21]} Ba5+ {[%clk
00:08:52]} {[%emt 00:00:18]} 51. Kd4 {[%clk 00:14:03]} {[%emt 00:00:09]}
1/2-1/2

[Event "European Chess Club Cup 2023"]
[Site "Durres, Albania"]
[Date "2023.10.03"]
[Round "3.26"]
[White "Bauer, Christian"]
[Black "Korobov, Anton"]
[Result "1/2-1/2"]
[TimeControl "90' + 30' & 30\""]
[WhiteElo "2552"]
[BlackElo "2658"]

1. d4 {[%clk 01:30:54]} {[%emt 00:00:05]} Nf6 {[%clk 01:30:39]} {[%emt
00:00:21]} 2. Nf3 {[%clk 01:30:59]} {[%emt 00:00:25]} d5 {[%clk 01:30:40]}
{[%emt 00:00:29]} 3. c4 {[%clk 01:31:21]} {[%emt 00:00:08]} e6 {[%clk
01:30:49]} {[%emt 00:00:21]} 4. g3 {[%clk 01:31:41]} {[%emt 00:00:11]} Bb4+
{[%clk 01:30:49]} {[%emt 00:00:29]} 5. Bd2 {[%clk 01:31:38]} {[%emt 00:00:34]}
Be7 {[%clk 01:31:09]} {[%emt 00:00:08]} 6. Bg2 {[%clk 01:31:50]} {[%emt
00:00:19]} c6 {[%clk 01:31:27]} {[%emt 00:00:12]} 7. O-O {[%clk 01:31:16]}
{[%emt 00:01:06]} Nbd7 {[%clk 01:30:43]} {[%emt 00:01:13]} 8. Qc2 {[%clk
01:31:17]} {[%emt 00:00:29]} O-O {[%clk 01:30:45]} {[%emt 00:00:28]} 9. Bf4
{[%clk 01:29:13]} {[%emt 00:02:34]} Nh5 {[%clk 01:29:22]} {[%emt 00:01:52]} 10.
Bc1 {[%clk 01:29:32]} {[%emt 00:00:11]} Nhf6 {[%clk 01:29:05]} {[%emt
00:00:47]} 11. Bf4 {[%clk 01:29:20]} {[%emt 00:00:42]} Nh5 {[%clk 01:29:01]}
{[%emt 00:00:34]} 12. Bc1 {[%clk 01:29:43]} {[%emt 00:00:07]} Nhf6 {[%clk
01:29:26]} {[%emt 00:00:05]} 13. Bf4 {[%clk 01:29:33]} {[%emt 00:00:40]}
1/2-1/2

[Event "European Chess Club Cup 2023"]
[Site "Durres, Albania"]
[Date "2023.10.03"]
[Round "3.27"]
[White "Kryvoruchko, Yuriy"]
[Black "Pelletier, Yannick"]
[Result "1/2-1/2"]
[TimeControl "90' + 30' & 30\""]
[WhiteElo "2656"]
[BlackElo "2514"]

1. e4 {[%clk 01:30:57]} {[%emt 00:00:02]} e6 {[%clk 01:30:42]} {[%emt
00:00:18]} 2. d4 {[%clk 01:31:18]} {[%emt 00:00:08]} d5 {[%clk 01:31:06]}
{[%emt 00:00:06]} 3. Nc3 {[%clk 01:31:42]} {[%emt 00:00:06]} Nf6 {[%clk
01:31:12]} {[%emt 00:00:24]} 4. e5 {[%clk 01:32:03]} {[%emt 00:00:06]} Nfd7
{[%clk 01:31:38]} {[%emt 00:00:06]} 5. f4 {[%clk 01:32:24]} {[%emt 00:00:10]}
c5 {[%clk 01:32:01]} {[%emt 00:00:07]} 6. Nf3 {[%clk 01:32:49]} {[%emt
00:00:04]} Nc6 {[%clk 01:32:09]} {[%emt 00:00:22]} 7. Be3 {[%clk 01:33:10]}
{[%emt 00:00:08]} a6 {[%clk 01:32:14]} {[%emt 00:00:26]} 8. Ne2 {[%clk
01:32:42]} {[%emt 00:00:58]} cxd4 {[%clk 01:32:00]} {[%emt 00:00:45]} 9. Nexd4
{[%clk 01:32:18]} {[%emt 00:00:54]} Nc5 {[%clk 01:31:52]} {[%emt 00:00:37]} 10.
Be2 {[%clk 01:27:26]} {[%emt 00:05:22]} Be7 {[%clk 01:27:37]} {[%emt 00:04:45]}
11. O-O {[%clk 01:25:42]} {[%emt 00:02:14]} O-O {[%clk 01:27:30]} {[%emt
00:00:37]} 12. c3 {[%clk 01:20:32]} {[%emt 00:05:40]} Qc7 {[%clk 01:21:49]}
{[%emt 00:06:11]} 13. Qc2 {[%clk 01:20:00]} {[%emt 00:01:03]} Bd7 {[%clk
01:04:22]} {[%emt 00:17:56]} 14. Rac1 {[%clk 01:16:29]} {[%emt 00:04:01]} Rac8
{[%clk 00:55:49]} {[%emt 00:09:04]} 15. Qb1 {[%clk 01:00:19]} {[%emt 00:16:40]}
b5 {[%clk 00:50:57]} {[%emt 00:05:21]} 16. Nd2 {[%clk 00:54:23]} {[%emt
00:06:26]} Qb7 {[%clk 00:39:58]} {[%emt 00:11:30]} 17. a3 {[%clk 00:44:49]}
{[%emt 00:10:05]} h6 {[%clk 00:30:38]} {[%emt 00:09:49]} 18. Bf3 {[%clk
00:41:45]} {[%emt 00:03:34]} Nxd4 {[%clk 00:29:19]} {[%emt 00:01:49]} 19. Bxd4
{[%clk 00:41:29]} {[%emt 00:00:46]} a5 {[%clk 00:29:05]} {[%emt 00:00:44]} 20.
b4 {[%clk 00:34:47]} {[%emt 00:07:12]} axb4 {[%clk 00:27:31]} {[%emt 00:02:04]}
21. axb4 {[%clk 00:34:13]} {[%emt 00:01:04]} Na4 {[%clk 00:27:46]} {[%emt
00:00:15]} 22. Qd3 {[%clk 00:30:47]} {[%emt 00:03:56]} Rc7 {[%clk 00:19:30]}
{[%emt 00:08:46]} 23. Nb3 {[%clk 00:27:55]} {[%emt 00:03:22]} Ra8 {[%clk
00:16:54]} {[%emt 00:03:05]} 24. Be2 {[%clk 00:23:27]} {[%emt 00:04:58]} Qc8
{[%clk 00:16:38]} {[%emt 00:00:47]} 25. Qg3 {[%clk 00:21:46]} {[%emt 00:02:10]}
Qd8 {[%clk 00:15:39]} {[%emt 00:01:30]} 26. Bd3 {[%clk 00:19:38]} {[%emt
00:02:39]} Rac8 {[%clk 00:14:16]} {[%emt 00:01:53]} 27. Bb1 {[%clk 00:20:00]}
{[%emt 00:00:08]} f5 {[%clk 00:11:48]} {[%emt 00:02:58]} 28. exf6 {[%clk
00:12:26]} {[%emt 00:08:05]} Bxf6 {[%clk 00:12:13]} {[%emt 00:00:04]} 29. Nc5
{[%clk 00:12:39]} {[%emt 00:00:16]} Nxc5 {[%clk 00:11:16]} {[%emt 00:01:28]} 30.
bxc5 {[%clk 00:13:07]} {[%emt 00:00:03]} Rxc5 {[%clk 00:11:21]} {[%emt
00:00:25]} 31. Bxc5 {[%clk 00:13:26]} {[%emt 00:00:11]} Rxc5 {[%clk 00:11:47]}
{[%emt 00:00:04]} 32. Qd3 {[%clk 00:11:33]} {[%emt 00:02:23]} Qc7 {[%clk
00:09:53]} {[%emt 00:02:24]} 33. Qh7+ {[%clk 00:06:09]} {[%emt 00:05:54]} Kf8
{[%clk 00:10:20]} {[%emt 00:00:03]} 34. Bg6 {[%clk 00:06:04]} {[%emt 00:00:35]}
Rxc3 {[%clk 00:10:23]} {[%emt 00:00:27]} 35. Rcd1 {[%clk 00:05:22]} {[%emt
00:01:12]} b4 {[%clk 00:04:00]} {[%emt 00:06:53]} 36. f5 {[%clk 00:05:46]}
{[%emt 00:00:06]} Qc5+ {[%clk 00:04:14]} {[%emt 00:00:16]} 37. Kh1 {[%clk
00:06:11]} {[%emt 00:00:04]} e5 {[%clk 00:04:01]} {[%emt 00:00:43]} 38. Qh8+
{[%clk 00:06:34]} {[%emt 00:00:08]} Ke7 {[%clk 00:04:27]} {[%emt 00:00:03]} 39.
Qg8 {[%clk 00:06:50]} {[%emt 00:00:14]} d4 {[%clk 00:01:59]} {[%emt 00:02:58]}
40. Qf7+ {[%clk 00:03:33]} {[%emt 00:03:47]} Kd8 {[%clk 00:01:06]} {[%emt
00:01:23]} 41. Ra1 {[%clk 00:03:50]} {[%emt 00:00:14]} Ra3 {[%clk 00:23:38]}
{[%emt 00:07:58]} 42. Rac1 {[%clk 00:34:15]} {[%emt 00:00:06]} Rc3 {[%clk
00:23:50]} {[%emt 00:00:18]} 43. Ra1 {[%clk 00:34:40]} {[%emt 00:00:04]} Ra3
{[%clk 00:20:49]} {[%emt 00:03:31]} 44. Rac1 {[%clk 00:30:41]} {[%emt
00:04:29]} Rc3 {[%clk 00:21:10]} {[%emt 00:00:09]} 1/2-1/2

[Event "European Chess Club Cup 2023"]
[Site "Durres, Albania"]
[Date "2023.10.03"]
[Round "3.28"]
[White "Petkidis, Anthony"]
[Black "Fedorchuk, Sergey A."]
[Result "1/2-1/2"]
[TimeControl "90' + 30' & 30\""]
[WhiteElo "2429"]
[BlackElo "2564"]

1. e4 {[%clk 01:30:33]} {[%emt 00:00:26]} c5 {[%clk 01:30:24]} {[%emt
00:00:37]} 2. Nf3 {[%clk 01:30:40]} {[%emt 00:00:22]} e6 {[%clk 01:29:46]}
{[%emt 00:01:08]} 3. d4 {[%clk 01:30:45]} {[%emt 00:00:25]} cxd4 {[%clk
01:30:00]} {[%emt 00:00:17]} 4. Nxd4 {[%clk 01:31:03]} {[%emt 00:00:13]} a6
{[%clk 01:29:31]} {[%emt 00:00:59]} 5. Nc3 {[%clk 01:28:47]} {[%emt 00:02:45]}
b5 {[%clk 01:27:48]} {[%emt 00:02:12]} 6. Bd3 {[%clk 01:25:28]} {[%emt
00:03:49]} Bb7 {[%clk 01:26:45]} {[%emt 00:01:34]} 7. O-O {[%clk 01:24:08]}
{[%emt 00:01:50]} Nc6 {[%clk 01:26:50]} {[%emt 00:00:25]} 8. Nxc6 {[%clk
01:19:27]} {[%emt 00:05:11]} Bxc6 {[%clk 01:26:53]} {[%emt 00:00:27]} 9. Qe2
{[%clk 01:16:22]} {[%emt 00:03:35]} Qb8 {[%clk 01:16:52]} {[%emt 00:10:32]} 10.
f4 {[%clk 01:10:00]} {[%emt 00:06:51]} Bc5+ {[%clk 00:53:40]} {[%emt 00:23:42]}
11. Kh1 {[%clk 01:05:42]} {[%emt 00:04:48]} Ne7 {[%clk 00:48:32]} {[%emt
00:05:38]} 12. Qh5 {[%clk 00:55:47]} {[%emt 00:10:26]} Bd4 {[%clk 00:38:26]}
{[%emt 00:10:35]} 13. Ne2 {[%clk 00:44:13]} {[%emt 00:12:03]} Bf6 {[%clk
00:28:24]} {[%emt 00:10:34]} 14. e5 {[%clk 00:28:29]} {[%emt 00:16:13]} g6
{[%clk 00:28:26]} {[%emt 00:00:28]} 15. Qh6 {[%clk 00:28:38]} {[%emt 00:00:21]}
Ng8 {[%clk 00:26:30]} {[%emt 00:02:26]} 16. Qh3 {[%clk 00:28:58]} {[%emt
00:00:09]} Bg7 {[%clk 00:25:27]} {[%emt 00:01:34]} 17. a4 {[%clk 00:18:07]}
{[%emt 00:11:21]} Ne7 {[%clk 00:11:03]} {[%emt 00:14:55]} 18. axb5 {[%clk
00:16:17]} {[%emt 00:02:19]} axb5 {[%clk 00:10:54]} {[%emt 00:00:40]} 19. Be3
{[%clk 00:14:44]} {[%emt 00:02:03]} O-O {[%clk 00:10:08]} {[%emt 00:01:15]} 20.
Bc5 {[%clk 00:13:20]} {[%emt 00:01:54]} Re8 {[%clk 00:10:31]} {[%emt 00:00:08]}
21. Nc3 {[%clk 00:09:20]} {[%emt 00:04:30]} Rxa1 {[%clk 00:08:23]} {[%emt
00:02:38]} 22. Rxa1 {[%clk 00:09:48]} {[%emt 00:00:02]} Nd5 {[%clk 00:08:45]}
{[%emt 00:00:08]} 23. Nxd5 {[%clk 00:07:13]} {[%emt 00:03:05]} Bxd5 {[%clk
00:09:11]} {[%emt 00:00:04]} 24. Bf1 {[%clk 00:03:27]} {[%emt 00:04:15]} Rc8
{[%clk 00:06:49]} {[%emt 00:02:52]} 25. b4 {[%clk 00:03:27]} {[%emt 00:00:30]}
f6 {[%clk 00:06:32]} {[%emt 00:00:48]} 26. Ra5 {[%clk 00:02:57]} {[%emt
00:01:00]} Bc6 {[%clk 00:06:41]} {[%emt 00:00:21]} 27. Bd6 {[%clk 00:03:03]}
{[%emt 00:00:23]} Qb6 {[%clk 00:06:47]} {[%emt 00:00:24]} 28. Bc5 {[%clk
00:03:09]} {[%emt 00:00:25]} Qc7 {[%clk 00:03:31]} {[%emt 00:03:46]} 29. Bd6
{[%clk 00:02:42]} {[%emt 00:00:57]} Qb6 {[%clk 00:03:23]} {[%emt 00:00:37]} 30.
Bc5 {[%clk 00:02:57]} {[%emt 00:00:15]} Qb8 {[%clk 00:01:05]} {[%emt 00:02:49]}
31. Bd6 {[%clk 00:03:00]} {[%emt 00:00:27]} Qb6 {[%clk 00:01:28]} {[%emt
00:00:07]} 1/2-1/2